000 00349nam a2200133Ia 4500
008 240624s9999 xx 000 0 und d
041 _aeng
082 _a658.3 BLA
100 _aBLACKER KEITH
245 _aPEOPLE RISK MANAGEMENT A PRACTICAL APPRO
260 _c2015
_aLondon
_bKogan Page
300 _avii, : 304 : p. : cm. ; 23
365 _cGBP
_b30
999 _c27449
_d27449